Normal view
MARC view
Entry Personal Name
001 - CONTROL NUMBER
- control field: 27998
003 - CONTROL NUMBER IDENTIFIER
- control field: OSt
005 - DATE AND TIME OF LATEST TRANSACTION
- control field: 20230714134101.0
008 - FIXED-LENGTH DATA ELEMENTS
- fixed length control field: 230714|| aca||aabn | a|a d
040 ## - CATALOGING SOURCE
- Original cataloging agency: OSt
- Transcribing agency: OSt
100 ## - HEADING--PERSONAL NAME
- Personal name: လင်းသူ၊
- Titles and other words associated with a name: မောင်၊
- Miscellaneous information: (ညောင်ဦး)။
670 ## - SOURCE DATA FOUND
- Source citation: Work cat.: (OSt): လင်းသူ၊ မောင်၊ (ညောင်ဦး)။, ထန်းနှင့်ထန်းလုပ်ငန်းဆိုင်ရာ သိကောင်းစရာ /, ၁၉၈၉။